Iron Man - Portrayals by Picture - Statistics

General Stats
  • This quiz has been taken 8 times
  • The average score is 6 of 42
Answer Stats
Picture Answer % Correct
Robert Downey Jr.
100%
Adrian Pasdar
33%
Adrian Pasdar
33%
Adrian Pasdar
33%
Adrian Pasdar
33%
Adrian Pasdar
33%
Adrian Pasdar / Mick Wingert
33%
Adrian Pasdar / Mick Wingert / Robert Downey Jr. / John Schwab
33%
Eiji Hanawa / Mick Wingert
33%
Keiji Fujiwara / Adrian Pasdar
33%
Mick Wingert
33%
Mick Wingert
33%
Mick Wingert
33%
Mick Wingert
33%
Eiji Hanawa / Matthew Mercer
17%
Josh Keaton
17%
Matthew Mercer
17%
Matthew Mercer
17%
Nolan North
17%
Tom Kenny
17%
Adrian Petriw
0%
Chris Britton
0%
Dave Franco
0%
David Kaye
0%
David Kaye
0%
Eric Loomis
0%
Eric Loomis
0%
Francis Diakowsky
0%
John Cygan
0%
John Cygan
0%
John Cygan / Crispin Freeman
0%
John Stamos
0%
John Vernon
0%
Jon Hamm
0%
Marc Worden
0%
Marc Worden
0%
Marc Worden
0%
Robert Hays
0%
Robert Hays
0%
Robert Hays
0%
Tom Kane
0%
William Marshall
0%
No matching quizzes found
Score Distribution
Percent of People with Each Score
Percentile by Number Answered
Your Score History
You have not taken this quiz